Bytový dom

Na minha lista:
Detalhes bibliográficos
Autor principal: Nociar, Patrik (Author)
Outros Autores: Ingeli, Rastislav (Thesis advisor)
Formato: Manuscrito Livro
Idioma:eslovaco
Publicado em: 2023
Assuntos:
Acesso em linha:http://is.stuba.sk/zp/portal_zp.pl?podrobnosti=149264
https://opac.crzp.sk/?fn=detailBiblioForm&sid=D51643D01657CDEC2995B6F06848
Tags: Adicionar Tag
Sem tags, seja o primeiro a adicionar uma tag!

MARC

LEADER 00000ntm a22000003a 4500
001 stuzp93942
003 SK-STU
005 20230920105701.4
007 ta
008 150427s2015----xo-----f-mn---000-0-slo-d
040 |a STU  |b slo 
041 0 |a slo 
100 1 |a Nociar, Patrik  |u 010180  |4 aut  |U SvF Stavebná fakulta  |T SvF Katedra konštrukcií pozemných stavieb  |X 97712  |U V180  |Y 18  |7 97712 
242 0 1 |a Residential building  |y eng 
245 1 0 |a Bytový dom 
260 |c 2023 
650 4 |a Bytový dom  |2 slo 
650 4 |a podlažie  |2 slo 
650 4 |a navrhovaný  |2 slo 
650 4 |a polyfunkcia  |2 slo 
650 4 |a Residentail building  |2 eng 
650 4 |a polyfunction  |2 eng 
650 4 |a the floor  |2 eng 
650 4 |a proposed  |2 eng 
700 1 |a Ingeli, Rastislav  |u 010180  |k Z1  |4 ths  |U SvF Stavebná fakulta  |T SvF Katedra konštrukcií pozemných stavieb  |X 23863  |U V180  |Y 18  |7 A000023863 
856 4 |u http://is.stuba.sk/zp/portal_zp.pl?podrobnosti=149264 
856 4 |u https://opac.crzp.sk/?fn=detailBiblioForm&sid=D51643D01657CDEC2995B6F06848